[Event "Conil op 1st"]
[Site "Conil de la Frontera"]
[Date "2021.07.18"]
[Round "6"]
[White "Santos Izquierdo, Francisco Javier"]
[Black "Bermudez Ureba, Juan Diego"]
[Result "1/2-1/2"]
[WhiteElo "2121"]
[BlackElo "2191"]
[PlyCount "60"]
[EventDate "2021.07.15"]
[EventType "swiss"]
[EventRounds "7"]
[EventCountry "ESP"]
[SourceTitle "CBM 203 Extra"]
[Source "ChessBase"]
[SourceDate "2021.09.30"]
[SourceVersion "1"]
[SourceVersionDate "2021.09.30"]
[SourceQuality "1"]

1. c4 e5 2. g3 Nf6 3. Bg2 d5 4. cxd5 Nxd5 5. Nf3 Nc6 6. 0-0 Nb6 7. b3 Bc5 8. Bb2 Qe7 9. d3 0-0 10. a3 a5 11. Nbd2 Bf5 12. Nh4 Be6 13. Ne4 Bd4 14. Nc3 Nd7 15. Nf3 Ba7 16. Nd2 Bd4 17. Qc2 Rfd8 18. Rfd1 Nc5 19. Nb5 Bxb2 20. Qxb2 Bd5 21. Nf3 Nxb3 22. Rab1 Bxf3 23. Bxf3 a4 24. e3 Qc5 25. Nc3 b5 26. Ne4 Qe7 27. Nd2 Qf6 28. Bxc6 Qxc6 29. Nxb3 axb3 30. Qxb3 Qb6 1/2-1/2

[Event "Andalucia-chT Honor Occidental"]
[Site "Andalucia"]
[Date "2018.11.17"]
[Round "5.14"]
[White "Castilla Leon Salas, Carlos"]
[Black "Santos Izquierdo, Francisco Javier"]
[Result "1/2-1/2"]
[WhiteElo "2221"]
[BlackElo "2145"]
[PlyCount "83"]
[EventDate "2018.09.30"]
[EventType "team-tourn"]
[EventRounds "7"]
[EventCountry "ESP"]
[SourceTitle "EXT 2020"]
[Source "ChessBase"]
[SourceDate "2019.10.17"]
[SourceVersion "1"]
[SourceVersionDate "2019.10.17"]
[SourceQuality "1"]
[WhiteTeam "Reina Brillante"]
[BlackTeam "Shahmat"]
[WhiteTeamCountry "ESP"]
[BlackTeamCountry "ESP"]

1. d4 Nf6 2. c4 e6 3. Nc3 Bb4 4. e3 c5 5. Bd3 Nc6 6. Nge2 d5 7. cxd5 exd5 8. a3 c4 9. Bc2 Be7 10. f3 Be6 11. e4 0-0 12. e5 Ne8 13. Be3 g6 14. g4 Bh4+ 15. Kf1 f6 16. Nf4 Ng7 17. exf6 Rxf6 18. Ng2 Rf8 19. Nxh4 Qxh4 20. Kg2 Rae8 21. h3 Qd8 22. Qd2 Bc8 23. Rhf1 a6 24. Rad1 Qd6 25. Bf2 Ne6 26. Ne2 g5 27. Bg3 Nf4+ 28. Nxf4 gxf4 29. Bf2 Be6 30. Rde1 Bf7 31. Rxe8 Rxe8 32. Re1 Rxe1 33. Qxe1 Bg6 34. Bxg6 hxg6 35. Qe8+ Kg7 36. h4 Qf6 37. Qd7+ Qf7 38. Qc8 Na5 39. Be1 Nc6 40. Bf2 Na5 41. Be1 Nc6 42. Bf2 1/2-1/2

[Event "Andalucia-chA"]
[Site "Algeciras"]
[Date "2018.05.19"]
[Round "6"]
[White "Santos Izquierdo, Francisco Javier"]
[Black "Ruiz Alcaide, Juan Luis"]
[Result "1-0"]
[WhiteElo "2128"]
[BlackElo "1861"]
[PlyCount "61"]
[EventDate "2018.05.12"]
[EventType "swiss"]
[EventRounds "8"]
[EventCountry "ESP"]
[SourceTitle "EXT 2020"]
[Source "ChessBase"]
[SourceDate "2019.10.17"]
[SourceVersion "1"]
[SourceVersionDate "2019.10.17"]
[SourceQuality "1"]

1. e4 c5 2. d3 g6 3. g3 Bg7 4. Bg2 Nc6 5. f4 d6 6. Nf3 Nf6 7. 0-0 0-0 8. h3 Bd7 9. g4 e5 10. f5 h6 11. g5 hxg5 12. Nxg5 gxf5 13. exf5 Qc8 14. Ne4 Nxe4 15. dxe4 f6 16. c3 Qc7 17. Na3 Ne7 18. Nc4 Bb5 19. Qb3 Bxc4 20. Qxc4+ d5 21. exd5 Qd6 22. Be3 b6 23. Qg4 Rf7 24. c4 Kf8 25. Be4 Ng8 26. Qh5 Ke7 27. Kh2 Raf8 28. Rg1 Kd7 29. Rg6 Ne7 30. Rg3 Rh8 31. Qxf7 1-0

[Event "Andalucia-chA"]
[Site "Algeciras"]
[Date "2018.05.18"]
[Round "4"]
[White "Santos Izquierdo, Francisco Javier"]
[Black "Alba Fernandez, Nicolas"]
[Result "1-0"]
[WhiteElo "2128"]
[BlackElo "1800"]
[PlyCount "143"]
[EventDate "2018.05.12"]
[EventType "swiss"]
[EventRounds "8"]
[EventCountry "ESP"]
[SourceTitle "EXT 2020"]
[Source "ChessBase"]
[SourceDate "2019.10.17"]
[SourceVersion "1"]
[SourceVersionDate "2019.10.17"]
[SourceQuality "1"]

1. e4 c5 2. Nf3 Nc6 3. Nc3 e6 4. Bb5 Nge7 5. 0-0 a6 6. Bxc6 Nxc6 7. d4 cxd4 8. Nxd4 Be7 9. Be3 0-0 10. Nxc6 dxc6 11. Qxd8 Rxd8 12. Rfd1 e5 13. Bb6 Rxd1+ 14. Rxd1 Be6 15. Na4 Kf8 16. b3 Ke8 17. Bc7 b5 18. Nb2 f6 19. Bd6 Rd8 20. Bxe7 Rxd1+ 21. Nxd1 Kxe7 22. Kf1 Kd6 23. Ke2 Kc5 24. c3 a5 25. Kd2 g6 26. Kc2 Kd6 27. a3 a4 28. bxa4 bxa4 29. Nb2 Bb3+ 30. Kd3 Kc5 31. c4 Kd6 32. Kc3 c5 33. Nd3 Bd1 34. Nc1 Bg4 35. Kd3 Bd7 36. Na2 Bc6 37. Nc3 Ke6 38. Nd5 Bb7 39. g3 Kf7 40. g4 Ke6 41. h4 h5 42. gxh5 gxh5 43. Ne3 Bc6 44. Nf5 Be8 45. Ke3 Bf7 46. Kd3 Be8 47. Ne3 Bd7 48. Nf5 Be8 49. Ng3 Ke7 50. Ne2 Ke6 51. Ke3 Ke7 52. f4 Ke6 53. f5+ Ke7 54. Nc3 Bc6 55. Kd3 Bd7 56. Nd5+ Kf7 57. Ke3 Bc6 58. Nc7 Ke7 59. Ne6 Kd6 60. Ng7 Ke7 61. Nxh5 Be8 62. Ng3 Bf7 63. Kd3 Kf8 64. Ne2 Kg7 65. Nc3 Be8 66. Nd5 Kf7 67. h5 Kg7 68. h6+ Kxh6 69. Nxf6 Bc6 70. Ng4+ Kg5 71. Nxe5 Ba8 72. Ke3 1-0

[Event "Andalucia-chA"]
[Site "Algeciras"]
[Date "2018.05.12"]
[Round "2"]
[White "Santos Izquierdo, Francisco Javier"]
[Black "Garrido Outon, Alex"]
[Result "1/2-1/2"]
[WhiteElo "2128"]
[BlackElo "2071"]
[PlyCount "115"]
[EventDate "2018.05.12"]
[EventType "swiss"]
[EventRounds "8"]
[EventCountry "ESP"]
[SourceTitle "EXT 2020"]
[Source "ChessBase"]
[SourceDate "2019.10.17"]
[SourceVersion "1"]
[SourceVersionDate "2019.10.17"]
[SourceQuality "1"]

1. Nf3 Nf6 2. c4 g6 3. Nc3 Bg7 4. e4 d6 5. d4 0-0 6. Be2 e5 7. Be3 Na6 8. 0-0 Ng4 9. Bg5 Qe8 10. Re1 f6 11. Bc1 h5 12. Bf1 g5 13. Rb1 h4 14. h3 Nh6 15. dxe5 dxe5 16. Nh2 Be6 17. Be3 c6 18. Be2 Qg6 19. Bh5 Qh7 20. b3 Bf7 21. Bxf7+ Rxf7 22. Ng4 Bf8 23. Nxh6+ Qxh6 24. Qc1 Rd7 25. Rd1 Rxd1+ 26. Qxd1 Bb4 27. Na4 Qg6 28. Qg4 Rd8 29. Bxa7 Qf7 30. Rd1 Rxd1+ 31. Qxd1 b5 32. Qd8+ Kg7 33. Qb6 bxa4 34. Qxa6 axb3 35. axb3 Qd7 36. Be3 c5 37. Qb5 Qd6 38. Qb7+ Kf8 39. Qd5 Qb6 40. g3 hxg3 41. fxg3 Qa7 42. h4 Qa1+ 43. Kg2 Qb2+ 44. Kh1 Qb1+ 45. Bg1 Qf1 46. Qd8+ Kg7 47. Qd7+ Kh6 48. Qg4 Bc3 49. hxg5+ fxg5 50. Qf5 Qe1 51. Qf6+ Kh5 52. Qf3+ Kh6 53. Kg2 Bd4 54. Qf6+ Kh7 55. Qf5+ Kh6 56. Bxd4 cxd4 57. Qf6+ Kh7 58. Qf7+ 1/2-1/2

[Event "Andalucia-chA"]
[Site "Roquetas de Mar"]
[Date "2017.05.20"]
[Round "5"]
[White "Domingo Nunez, Ruben"]
[Black "Santos Izquierdo, Francisco Javier"]
[Result "1-0"]
[WhiteElo "2270"]
[BlackElo "2148"]
[PlyCount "63"]
[EventDate "2017.05.13"]
[EventType "swiss"]
[EventRounds "8"]
[EventCountry "ESP"]
[SourceTitle "EXT 2020"]
[Source "ChessBase"]
[SourceDate "2019.10.17"]
[SourceVersion "1"]
[SourceVersionDate "2019.10.17"]
[SourceQuality "1"]

1. e4 e5 2. Nf3 Nc6 3. Bc4 Bc5 4. c3 Nf6 5. d3 a6 6. 0-0 Ba7 7. Re1 0-0 8. h3 d6 9. Bb3 Be6 10. Bc2 d5 11. Qe2 Re8 12. Ng5 h6 13. Nxe6 fxe6 14. Nd2 Rf8 15. Rf1 Qe7 16. g3 Nh7 17. Kg2 Rf7 18. f4 Raf8 19. Nf3 g5 20. f5 exf5 21. exd5 e4 22. dxc6 exf3+ 23. Qxf3 g4 24. Qd1 gxh3+ 25. Kxh3 Ng5+ 26. Bxg5 hxg5 27. Bb3 g4+ 28. Kg2 Qd6 29. Rxf5 Qxc6+ 30. Bd5 Qxd5+ 31. Rxd5 Rf2+ 32. Kh1 1-0

[Event "Andalucia-chA"]
[Site "Roquetas de Mar"]
[Date "2017.05.14"]
[Round "3"]
[White "Santos Izquierdo, Francisco Javier"]
[Black "Montero Melendez, Rafael"]
[Result "0-1"]
[WhiteElo "2148"]
[BlackElo "2357"]
[PlyCount "66"]
[EventDate "2017.05.13"]
[EventType "swiss"]
[EventRounds "8"]
[EventCountry "ESP"]
[SourceTitle "EXT 2020"]
[Source "ChessBase"]
[SourceDate "2019.10.17"]
[SourceVersion "1"]
[SourceVersionDate "2019.10.17"]
[SourceQuality "1"]

1. c4 Nf6 2. g3 c6 3. Bg2 d5 4. Nf3 dxc4 5. a4 Na6 6. Na3 Qd5 7. 0-0 e5 8. Ne1 e4 9. Nec2 Bc5 10. Ne3 Bxe3 11. dxe3 Nc5 12. Qc2 Nb3 13. Rb1 Be6 14. Rd1 Qc5 15. Bd2 Nxd2 16. Rxd2 b5 17. axb5 cxb5 18. Bxe4 Nxe4 19. Qxe4 0-0 20. Nc2 Bf5 21. Qd4 Rfc8 22. Rbd1 Qxd4 23. exd4 Bxc2 24. Rxc2 a5 25. e4 a4 26. d5 Kf8 27. e5 Ke8 28. f4 b4 29. f5 c3 30. d6 Kd7 31. bxc3 b3 32. Re2 Re8 33. c4 a3 0-1

[Event "Gibraltar Challenger op-B"]
[Site "Caleta"]
[Date "2017.02.01"]
[Round "5"]
[White "Santos Izquierdo, Francisco Javier"]
[Black "Meszaros, Andras"]
[Result "0-1"]
[WhiteElo "2133"]
[BlackElo "2240"]
[PlyCount "50"]
[EventDate "2017.01.28"]
[EventType "swiss"]
[EventRounds "5"]
[EventCountry "GGB"]
[SourceTitle "EXT 2018"]
[Source "ChessBase"]
[SourceDate "2017.10.13"]
[SourceVersion "1"]
[SourceVersionDate "2017.10.13"]
[SourceQuality "1"]

1. c4 e5 2. g3 Nf6 3. Bg2 c6 4. d4 exd4 5. Qxd4 d5 6. cxd5 cxd5 7. Nf3 Nc6 8. Qa4 Bc5 9. 0-0 0-0 10. Bg5 h6 11. Bxf6 Qxf6 12. Nc3 Be6 13. Rad1 Rfd8 14. Rd2 Rac8 15. Rfd1 Bb6 16. e3 Na5 17. Nxd5 Bxd5 18. Rxd5 Rxd5 19. Rxd5 Qxb2 20. Rxa5 Bxa5 21. Qxa5 Rc1+ 22. Bf1 Qe2 23. Qd8+ Kh7 24. Nd2 Rd1 25. Qd5 Qxf1+ 0-1

[Event "Benidorm op active"]
[Site "Benidorm"]
[Date "2009.12.05"]
[Round "2"]
[White "Illescas Cordoba, Miguel Angel"]
[Black "Santos Izquierdo, Francisco Javier"]
[Result "1-0"]
[WhiteElo "2591"]
[BlackElo "2262"]
[PlyCount "71"]
[EventDate "2009.12.05"]
[EventType "swiss"]
[EventRounds "11"]
[EventCountry "ESP"]
[SourceTitle "CBM 133 Extra"]
[Source "ChessBase"]
[SourceDate "2010.01.05"]
[SourceVersion "1"]
[SourceVersionDate "2010.01.05"]
[SourceQuality "1"]

1. d4 f5 2. c4 Nf6 3. Nf3 g6 4. g3 Bg7 5. Bg2 0-0 6. 0-0 d6 7. Nc3 Qe8 8. Re1 Qf7 9. Qb3 h6 10. e4 fxe4 11. Nxe4 Nxe4 12. Rxe4 g5 13. Bxg5 hxg5 14. Nxg5 Qxf2+ 15. Kh1 Nc6 16. c5+ e6 17. Rf1 Qxf1+ 18. Bxf1 Rxf1+ 19. Kg2 Rf6 20. cxd6 cxd6 21. d5 Ne7 22. dxe6 b6 23. h4 Bb7 24. Kh3 Bxe4 25. Nxe4 Rg6 26. h5 Rh6 27. g4 d5 28. Ng5 Rf8 29. Qa3 Bf6 30. Nf7 Rxf7 31. exf7+ Kxf7 32. Qxa7 Bg5 33. Qb8 Re6 34. Qh8 Rh6 35. Qe5 Re6 36. Qxg5 1-0

[Event "El Sauzal op 7th"]
[Site "El Sauzal"]
[Date "2006.11.05"]
[Round "8"]
[White "Hernandez Leon, Alberto"]
[Black "Santos Izquierdo, Francisco Javier"]
[Result "1-0"]
[WhiteElo "2179"]
[BlackElo "2291"]
[PlyCount "39"]
[EventDate "2006.11.04"]
[EventType "swiss (rapid)"]
[EventRounds "9"]
[EventCountry "ESP"]
[SourceTitle "CBM 115 Extra"]
[Source "ChessBase"]
[SourceDate "2007.01.10"]
[SourceVersion "1"]
[SourceVersionDate "2007.01.10"]
[SourceQuality "1"]

1. e4 c5 2. Nf3 Nc6 3. d4 cxd4 4. Nxd4 Nf6 5. Nc3 e5 6. Ndb5 d6 7. Bg5 a6 8. Na3 b5 9. Bxf6 gxf6 10. Nd5 f5 11. g3 fxe4 12. Bg2 Bg7 13. Bxe4 Be6 14. Qh5 Rc8 15. 0-0 Ne7 16. Rad1 Nxd5 17. Bxd5 Rc5 18. Qf3 Qd7 19. Rd3 f5 20. Qd1 1-0

[Event "El Sauzal op 7th"]
[Site "El Sauzal"]
[Date "2006.11.05"]
[Round "6"]
[White "Strikovic, Aleksa"]
[Black "Santos Izquierdo, Francisco Javier"]
[Result "1-0"]
[WhiteElo "2535"]
[BlackElo "2291"]
[PlyCount "71"]
[EventDate "2006.11.04"]
[EventType "swiss (rapid)"]
[EventRounds "9"]
[EventCountry "ESP"]
[SourceTitle "CBM 115 Extra"]
[Source "ChessBase"]
[SourceDate "2007.01.10"]
[SourceVersion "1"]
[SourceVersionDate "2007.01.10"]
[SourceQuality "1"]

1. c4 Nf6 2. Nf3 g6 3. g3 Bg7 4. Bg2 0-0 5. 0-0 d6 6. d4 Nbd7 7. Nc3 e5 8. Qc2 a6 9. Rd1 exd4 10. Nxd4 Re8 11. e4 Rb8 12. h3 Ne5 13. c5 dxc5 14. Nf5 Ned7 15. Nxg7 Kxg7 16. f4 c6 17. e5 Nd5 18. Nxd5 cxd5 19. Rxd5 Qe7 20. Be3 b6 21. Rad1 Nf8 22. Rd6 h5 23. b4 cxb4 24. Bxb6 Be6 25. Kh2 Nd7 26. Bd4 Rec8 27. Qd2 Nc5 28. Qe3 Na4 29. Rxa6 Nc3 30. Rd2 Nb5 31. Bb2 Nc3 32. a4 bxa3 33. Bxc3 Rb3 34. Rd3 Bc4 35. Ra7 Qe6 36. Rd6 1-0

[Event "ESP-chT 1st div South"]
[Site "Santa Cruz de Tenerife"]
[Date "2006.08.23"]
[Round "1"]
[White "Munoz Navarro, Alberto"]
[Black "Santos Izquierdo, Francisco Javier"]
[Result "0-1"]
[WhiteElo "2185"]
[BlackElo "2314"]
[PlyCount "58"]
[EventDate "2006.08.23"]
[EventType "team"]
[EventRounds "5"]
[EventCountry "ESP"]
[SourceTitle "CBM 113 Extra"]
[Source "ChessBase"]
[SourceDate "2006.09.14"]
[SourceVersion "1"]
[SourceVersionDate "2006.09.14"]
[SourceQuality "1"]

1. e4 c5 2. Nf3 Nc6 3. d4 cxd4 4. Nxd4 Nf6 5. Nc3 e5 6. Ndb5 d6 7. Bg5 a6 8. Na3 b5 9. Nd5 Be7 10. Bxf6 Bxf6 11. c3 0-0 12. Nc2 Rb8 13. a4 bxa4 14. Ncb4 Nxb4 15. cxb4 Bb7 16. Rxa4 Bc6 17. Bxa6 Bxa4 18. Qxa4 Bg5 19. Qc6 f5 20. exf5 Rxf5 21. 0-0 e4 22. b5 Qe8 23. Nc7 Qe5 24. b6 e3 25. Bc4+ Kh8 26. b7 Rxf2 27. Ne6 Rxf1+ 28. Kxf1 Qxb2 29. Qc8+ Bd8 0-1

[Event "Tenerife-chT"]
[Site "Tenerife"]
[Date "2005.04.09"]
[Round "10"]
[White "Santos Izquierdo, Francisco Javier"]
[Black "Todorcevic, Miodrag"]
[Result "1/2-1/2"]
[WhiteElo "2274"]
[BlackElo "2481"]
[PlyCount "116"]
[EventDate "2005.01.15"]
[EventType "team"]
[EventRounds "12"]
[EventCountry "ESP"]
[SourceTitle "EXT 2006"]
[Source "ChessBase"]
[SourceDate "2005.11.24"]
[SourceVersion "1"]
[SourceVersionDate "2005.11.24"]
[SourceQuality "1"]

1. c4 e5 2. g3 Nc6 3. Bg2 f5 4. Nc3 Nf6 5. d3 Be7 6. e4 fxe4 7. dxe4 0-0 8. Nge2 Bc5 9. 0-0 d6 10. Na4 b6 11. a3 a5 12. Nxc5 bxc5 13. Nc3 Nd4 14. Rb1 Be6 15. Nd5 c6 16. Ne3 a4 17. Bd2 Qc8 18. Bc3 Qa6 19. Rc1 Bxc4 20. Bxd4 Be2 21. Qd2 cxd4 22. Nf5 c5 23. Rfe1 d3 24. Nxd6 Qxd6 25. Rxe2 Qd4 26. Ree1 Ng4 27. Rf1 Rxf2 28. Rxf2 Rf8 29. Rcf1 c4 30. h3 Nxf2 31. Rxf2 h6 32. h4 Kh7 33. Kf1 Rb8 34. Bh3 Rb7 35. h5 Rb8 36. Bf5+ Kh8 37. Bg6 Rd8 38. Rf3 Qd6 39. Bf7 Qd4 40. Bg6 Qd6 41. Kg2 Rb8 42. Rf2 Rd8 43. g4 c3 44. bxc3 Qxa3 45. g5 Qe7 46. gxh6 Qh4 47. hxg7+ Kxg7 48. Rf7+ Kg8 49. Rf3 Qg4+ 50. Rg3 Qf4 51. Qa2+ Kh8 52. Qc4 d2 53. Qc7 Qf1+ 54. Kh2 Qf2+ 55. Kh3 Qf1+ 56. Kh2 Qf2+ 57. Kh3 Qf1+ 58. Kh2 Qf2+ 1/2-1/2

[Event "Caja Canarias 2nd"]
[Site "Santa Cruz de Tenerife"]
[Date "2004.11.10"]
[Round "4.3"]
[White "Movsziszian, Karen"]
[Black "Santos Izquierdo, Francisco Javier"]
[Result "1-0"]
[WhiteElo "2512"]
[BlackElo "2267"]
[PlyCount "81"]
[EventDate "2004.11.08"]
[EventType "tourn"]
[EventRounds "9"]
[EventCountry "ESP"]
[EventCategory "4"]
[SourceTitle "EXT 2005"]
[Source "ChessBase"]
[SourceDate "2004.11.15"]
[SourceVersion "1"]
[SourceVersionDate "2004.11.15"]
[SourceQuality "1"]

1. d4 d5 2. Nf3 c6 3. c4 Nf6 4. e3 Bf5 5. Nc3 e6 6. Be2 Nbd7 7. Nh4 Bg6 8. 0-0 Bd6 9. g3 0-0 10. Nxg6 hxg6 11. b3 Qe7 12. Bf3 Rad8 13. Qc2 Rfe8 14. Bg2 Ba3 15. Bd2 dxc4 16. bxc4 e5 17. c5 Bb4 18. Qa4 Bxc3 19. Bxc3 a6 20. Ba5 Rc8 21. Rab1 exd4 22. exd4 Nf8 23. Rb4 Ne6 24. Rfb1 Qd7 25. Rxb7 Qxd4 26. Bxc6 Qxa4 27. Bxa4 Nxc5 28. Bxe8 Nxb7 29. Bxf7+ Kxf7 30. Rxb7+ Kg8 31. Bc7 Ne8 32. Be5 Rc6 33. Kg2 Re6 34. Bd4 Re4 35. Rd7 Re6 36. Kf3 Nf6 37. Rd8+ Kf7 38. a4 Ke7 39. Ra8 Kf7 40. Ra7+ Kg8 41. a5 1-0

[Event "Caja Canarias 2nd"]
[Site "Santa Cruz de Tenerife"]
[Date "2004.11.09"]
[Round "3.4"]
[White "Santos Izquierdo, Francisco Javier"]
[Black "De la Cruz Sanchez, Carlos Gustavo"]
[Result "1/2-1/2"]
[WhiteElo "2267"]
[BlackElo "2281"]
[PlyCount "64"]
[EventDate "2004.11.08"]
[EventType "tourn"]
[EventRounds "9"]
[EventCountry "ESP"]
[EventCategory "4"]
[SourceTitle "EXT 2005"]
[Source "ChessBase"]
[SourceDate "2004.11.15"]
[SourceVersion "1"]
[SourceVersionDate "2004.11.15"]
[SourceQuality "1"]

1. c4 Nf6 2. g3 g6 3. Bg2 Bg7 4. Nc3 0-0 5. d3 c5 6. Nh3 Nc6 7. Nf4 b6 8. h4 h5 9. Rb1 Bb7 10. a3 Na5 11. Bxb7 Nxb7 12. b4 d6 13. Bb2 Qd7 14. Qd2 Nd8 15. b5 Ne6 16. Ncd5 Nxd5 17. Nxd5 Bxb2 18. Qxb2 Nc7 19. Nxc7 Qxc7 20. 0-0 a5 21. e4 Qd7 22. f4 Qg4 23. Kh2 Kh7 24. Rbe1 Rad8 25. Qd2 e6 26. d4 e5 27. fxe5 dxe5 28. d5 Rd6 29. Qe2 Kg7 30. Rf2 f6 31. Kg2 Rh8 32. Ref1 Rf8 1/2-1/2

[Event "El Sauzal op 5th"]
[Site "El Sauzal"]
[Date "2004.11.06"]
[Round "3"]
[White "Santos Izquierdo, Francisco Javier"]
[Black "Movsziszian, Karen"]
[Result "1/2-1/2"]
[WhiteElo "2267"]
[BlackElo "2512"]
[PlyCount "101"]
[EventDate "2004.11.06"]
[EventType "swiss (rapid)"]
[EventRounds "9"]
[EventCountry "ESP"]
[SourceTitle "CBM 103 Extra"]
[Source "ChessBase"]
[SourceDate "2005.01.01"]
[SourceVersion "1"]
[SourceVersionDate "2005.01.01"]
[SourceQuality "1"]

1. c4 g6 2. g3 Bg7 3. Bg2 e5 4. Nc3 d6 5. e4 Nc6 6. Nge2 Be6 7. d3 h5 8. h4 Nh6 9. Nd5 0-0 10. f3 f5 11. Bg5 Qd7 12. Qd2 Kh7 13. Be3 Nd8 14. Rc1 c6 15. Ndc3 Ndf7 16. b3 b5 17. cxb5 cxb5 18. d4 fxe4 19. Nxe4 Nf5 20. Bf2 d5 21. Nc5 Qe7 22. dxe5 Nxe5 23. Nxe6 Qxe6 24. 0-0 Rad8 25. Nd4 Nxd4 26. Bxd4 Rd7 27. Bxe5 Qxe5 28. f4 Qd4+ 29. Qxd4 Bxd4+ 30. Kh2 Be3 31. Rc6 Kg7 32. Rd1 d4 33. Be4 Rf6 34. Rc8 Re7 35. Bd3 a6 36. Kg2 Rb6 37. Re1 Ree6 38. Re2 Rbc6 39. Rxc6 Rxc6 40. Rc2 Rc3 41. Rxc3 dxc3 42. Kf3 Bc5 43. f5 gxf5 44. Bxf5 b4 45. g4 Kf6 46. Bc2 hxg4+ 47. Kxg4 Ke5 48. Kf3 Kd4 49. h5 Bf8 50. Ke2 a5 51. Kf3 1/2-1/2

[Event "Canarias en Red prel 5th"]
[Site "Playchess.com INT"]
[Date "2004.05.07"]
[Round "7"]
[White "Bjelajac, Milan"]
[Black "Santos Izquierdo, Francisco Javier"]
[Result "1-0"]
[WhiteElo "2370"]
[BlackElo "2261"]
[PlyCount "49"]
[EventDate "2004.05.07"]
[EventType "swiss (blitz)"]
[EventRounds "13"]
[EventCountry "GER"]
[SourceTitle "EXT 2005"]
[Source "ChessBase"]
[SourceDate "2004.11.15"]
[SourceVersion "1"]
[SourceVersionDate "2004.11.15"]
[SourceQuality "1"]

1. e4 e6 2. d4 d5 3. e5 c5 4. c3 Nc6 5. Nf3 Bd7 6. Bd3 cxd4 7. cxd4 Qb6 8. 0-0 Nxd4 9. Nxd4 Qxd4 10. Nc3 a6 11. Qe2 Ne7 12. Kh1 Nc6 13. f4 Bc5 14. Bb1 Ba7 15. Nd1 Qc5 16. Be3 d4 17. Bd2 Nb4 18. Qg4 g6 19. Nf2 Bb5 20. Ne4 Qe7 21. Nd6+ Kd7 22. Rc1 Nd5 23. Be4 Bc6 24. Bxd5 Bxd5 25. Bb4 1-0

[Event "Canarias en Red prel 5th"]
[Site "Playchess.com INT"]
[Date "2004.05.07"]
[Round "9"]
[White "Kolesnik, Eduard"]
[Black "Santos Izquierdo, Francisco Javier"]
[Result "1-0"]
[WhiteElo "2406"]
[BlackElo "2261"]
[PlyCount "49"]
[EventDate "2004.05.07"]
[EventType "swiss (blitz)"]
[EventRounds "13"]
[EventCountry "GER"]
[SourceTitle "EXT 2005"]
[Source "ChessBase"]
[SourceDate "2004.11.15"]
[SourceVersion "1"]
[SourceVersionDate "2004.11.15"]
[SourceQuality "1"]

1. e4 e6 2. d4 d5 3. e5 c5 4. c3 Nc6 5. Be3 Nh6 6. Nf3 Nf5 7. Bd3 Nxe3 8. fxe3 f6 9. exf6 gxf6 10. 0-0 Bd6 11. e4 dxe4 12. Bxe4 0-0 13. Nbd2 cxd4 14. cxd4 Qb6 15. Nc4 Qc7 16. Rc1 Bf4 17. Rc3 Kh8 18. Nh4 Bxh2+ 19. Kh1 Bg3 20. Qh5 Bxh4 21. Qxh4 f5 22. Ne5 Qg7 23. Rg3 fxe4 24. Rxf8+ Qxf8 25. Ng6+ 1-0

[Event "Canarias en Red prel 5th"]
[Site "Playchess.com INT"]
[Date "2004.05.07"]
[Round "12"]
[White "Vukanovic, Sasa"]
[Black "Santos Izquierdo, Francisco Javier"]
[Result "1-0"]
[WhiteElo "2351"]
[BlackElo "2261"]
[PlyCount "49"]
[EventDate "2004.05.07"]
[EventType "swiss (blitz)"]
[EventRounds "13"]
[EventCountry "GER"]
[SourceTitle "EXT 2005"]
[Source "ChessBase"]
[SourceDate "2004.11.15"]
[SourceVersion "1"]
[SourceVersionDate "2004.11.15"]
[SourceQuality "1"]

1. Nf3 d5 2. g3 c6 3. Bg2 Bg4 4. c4 e6 5. Ne5 Bf5 6. Qb3 Qb6 7. Nc3 Nf6 8. d3 Nbd7 9. Nxd7 Nxd7 10. 0-0 dxc4 11. Qxc4 Be7 12. Be3 Qb4 13. Qxb4 Bxb4 14. a3 Be7 15. b4 0-0 16. b5 Rac8 17. bxc6 Ne5 18. Rab1 Nxc6 19. Rxb7 Bxa3 20. Nb5 Bb2 21. Nd6 Rcd8 22. Nxf5 Na5 23. Rxb2 exf5 24. Bxa7 Rfe8 25. Bb6 1-0

[Event "Canarias en Red prel 4th"]
[Site "Playchess.com INT"]
[Date "2004.05.06"]
[Round "3"]
[White "Margolin, Boris"]
[Black "Santos Izquierdo, Francisco Javier"]
[Result "1-0"]
[WhiteElo "2415"]
[BlackElo "2261"]
[PlyCount "61"]
[EventDate "2004.05.06"]
[EventType "swiss (blitz)"]
[EventRounds "13"]
[EventCountry "GER"]
[SourceTitle "EXT 2005"]
[Source "ChessBase"]
[SourceDate "2004.11.15"]
[SourceVersion "1"]
[SourceVersionDate "2004.11.15"]
[SourceQuality "1"]

1. e4 e6 2. d4 d5 3. e5 c5 4. c3 Nc6 5. Nf3 Bd7 6. Be2 f6 7. 0-0 Qc7 8. Re1 0-0-0 9. Bf4 f5 10. h4 g6 11. Na3 Nh6 12. Nb5 Qb6 13. Bxh6 Bxh6 14. Nd6+ Kb8 15. Nf7 Bg7 16. Nxh8 Rxh8 17. c4 Ne7 18. dxc5 Qxc5 19. Rc1 Qa5 20. b4 Qxb4 21. Rb1 Qc5 22. Qb3 Bc8 23. Rec1 b6 24. cxd5 Qxd5 25. Bc4 Qd7 26. Rd1 Qc6 27. Rd6 Qe4 28. Re1 Qg4 29. Rxb6+ axb6 30. Qxb6+ Bb7 31. Ba6 1-0